00427nam a22001337a 4500008004100000040001800041041000800059100003800067245005400105260005800159300001700217490003500234650002400269130821s1892 gw gr ger  aCo-BoUCMbspa00ager aEbers, George Mauriciod1837-189800aPer Aspera (a thorny path)cGeorge Mauricio Ebers aLeipzig (Sajonia, Alemania)bBernand Tauchinitzc1892 a2 v. en 1 t. aCollection of British Authors;04aLiteratura oriental